000 00319pab a2200145 454500
008 180718b2001 xxu||||| |||| 00| 0 eng d
100 _aNorka, S.
245 _aCoping with political Islam.
260 _c2001
300 _ap.157-62
362 _aJuly-Aug
650 _aIslam
773 _aEncounter
909 _a51156
999 _c51156
_d51156